000 00677nam a22002177a 4500
999 _c2104
_d2104
003 BD-JhCC
005 20171029190205.0
008 171029s1997 bg |||| |||| 000 0 ben d
020 _a9845551599
035 _a(BD-JhCC)
040 _aBD-JhCC
_dBD-JhCC
041 _aben
082 _a891.4403
_bARI 1997
100 _aআরিফ,হাকিম
245 _aনজরুল- শব্দপঞ্জি /
_cহাকিম আরিফ
260 _aঢাকা :
_bনজরুল ইন্সটিটিউট ,
_c১৯৯৭.
300 _a৭৪৬ পৃ. :
_c২২ সেমি .
650 _aLexicon of Nazrul's words
942 _2ddc
_cBK